[Event "Olympiad-41"]
[Site "Tromsoe"]
[Date "2014.08.10"]
[Round "8.3"]
[White "Ho, Jei Chen"]
[Black "Ahmadi, Zabiullah"]
[Result "1/2-1/2"]
[WhiteElo "1808"]
[BlackElo "2031"]
[PlyCount "130"]
[EventDate "2014.08.02"]
[EventType "team-swiss"]
[EventRounds "11"]
[EventCountry "NOR"]
[SourceTitle "CBM 162"]
[Source "ChessBase"]
[SourceDate "2014.09.17"]
[SourceVersion "1"]
[SourceVersionDate "2014.09.17"]
[SourceQuality "1"]
[WhiteTeam "Chinese Taipei"]
[BlackTeam "Afghanistan"]
[WhiteTeamCountry "TPE"]
[BlackTeamCountry "AFG"]

1. d4 d5 2. c4 e6 3. Nc3 Nf6 4. cxd5 exd5 5. Bg5 Be7 6. e3 c6 7. Bd3 0-0 8. Qc2 Nbd7 9. Nf3 Re8 10. 0-0 Nf8 11. Rab1 a5 12. Ne5 N6d7 13. Bxe7 Qxe7 14. Nxd7 Bxd7 15. Rbe1 Qh4 16. f3 Re6 17. e4 Rae8 18. g3 Qd8 19. e5 b5 20. f4 Qb6 21. Qf2 f6 22. f5 R6e7 23. e6 Bc8 24. g4 h6 25. h4 Nh7 26. Kg2 Bb7 27. Rh1 Rf8 28. Ne2 c5 29. Nf4 Rc8 30. Ng6 Ree8 31. g5 c4 32. Bc2 fxg5 33. hxg5 Nxg5 34. f6 Rxe6 35. Ne7+ Kf8 36. Nxc8 Bxc8 37. fxg7+ Kxg7 38. Rhf1 Rf6 39. Re7+ Kf8 40. Qxf6+ Qxf6 41. Rxf6+ Kxe7 42. Rxh6 Ne6 43. Bf5 b4 44. Bxe6 Bxe6 45. Kf3 a4 46. Ke3 Bf5 47. Ra6 b3 48. axb3 axb3 49. Kd2 Kd7 50. Kc3 Kc7 51. Kb4 Bc2 52. Rh6 Be4 53. Kb5 Kd7 54. Kb4 Ke7 55. Rh5 Ke6 56. Re5+ Kd6 57. Rxe4 dxe4 58. Kxc4 Ke6 59. d5+ Ke5 60. d6 Kxd6 61. Kd4 Kc6 62. Kxe4 Kc5 63. Kd3 Kb4 64. Kd4 Kb5 65. Kc3 Kc5 1/2-1/2

[Event "Olympiad-41"]
[Site "Tromsoe"]
[Date "2014.08.06"]
[Round "5.3"]
[White "Ahmadi, Zabiullah"]
[Black "Ouma, Stephen Sijenyi"]
[Result "1/2-1/2"]
[WhiteElo "2031"]
[BlackElo "2038"]
[PlyCount "90"]
[EventDate "2014.08.02"]
[EventType "team-swiss"]
[EventRounds "11"]
[EventCountry "NOR"]
[SourceTitle "CBM 162"]
[Source "ChessBase"]
[SourceDate "2014.09.17"]
[SourceVersion "1"]
[SourceVersionDate "2014.09.17"]
[SourceQuality "1"]
[WhiteTeam "Afghanistan"]
[BlackTeam "Kenya"]
[WhiteTeamCountry "AFG"]
[BlackTeamCountry "KEN"]

1. e4 e6 2. d4 d5 3. Nc3 dxe4 4. Nxe4 Bd7 5. Nf3 Bc6 6. Bd3 Nd7 7. c3 Ngf6 8. Bg5 Be7 9. Bxf6 Nxf6 10. Qc2 Bxe4 11. Bxe4 Nxe4 12. Qxe4 Qd5 13. Qxd5 exd5 14. 0-0-0 0-0 15. Rhe1 Bd6 16. Re2 Rfe8 17. Rde1 Kf8 18. Kd2 Rxe2+ 19. Rxe2 Re8 20. Rxe8+ Kxe8 21. Kd3 Ke7 22. b3 h6 23. c4 c6 24. h3 Ke6 25. Nd2 Kf5 26. Nf1 h5 27. Ne3+ Ke6 28. g3 f5 29. Ng2 g5 30. Ke3 c5 31. f4 g4 32. h4 b6 33. Kd3 cxd4 34. Ne1 dxc4+ 35. bxc4 Bc5 36. Nc2 Kf6 37. Nxd4 a6 38. a4 a5 39. Ke3 Bb4 40. Nc2 Bc5+ 41. Ke2 Ke6 42. Ne3 Kf6 43. Nd5+ Ke6 44. Ne3 Kf6 45. Nd5+ Ke6 1/2-1/2

[Event "Olympiad-41"]
[Site "Tromsoe"]
[Date "2014.08.02"]
[Round "1.4"]
[White "Ahmadi, Zabiullah"]
[Black "Bersamina, Paulo"]
[Result "1/2-1/2"]
[WhiteElo "2031"]
[BlackElo "2363"]
[PlyCount "164"]
[EventDate "2014.08.02"]
[EventType "team-swiss"]
[EventRounds "11"]
[EventCountry "NOR"]
[SourceTitle "CBM 162"]
[Source "ChessBase"]
[SourceDate "2014.09.17"]
[SourceVersion "1"]
[SourceVersionDate "2014.09.17"]
[SourceQuality "1"]
[WhiteTeam "Afghanistan"]
[BlackTeam "Philippines"]
[WhiteTeamCountry "AFG"]
[BlackTeamCountry "PHI"]

1. e4 c6 2. d4 d5 3. Nc3 dxe4 4. Nxe4 Bf5 5. Ng3 Bg6 6. Nf3 Nd7 7. h4 h6 8. c3 e6 9. h5 Bh7 10. Bf4 Ngf6 11. Bd3 Nd5 12. Be3 Qc7 13. Ne2 Bxd3 14. Qxd3 0-0-0 15. 0-0-0 c5 16. Kb1 c4 17. Qc2 Kb8 18. g3 Bd6 19. Bc1 Ka8 20. Nd2 N7f6 21. Ne4 Nxe4 22. Qxe4 b5 23. Ka1 Qb7 24. Rde1 b4 25. Bd2 Rb8 26. cxb4 Bxb4 27. Bxb4 Nxb4 28. Nc3 Rhd8 29. Rh4 Rxd4 30. Qxb7+ Kxb7 31. Rxd4 Nc2+ 32. Kb1 Nxd4 33. Re4 Rd8 34. Rg4 Nf5 35. Rxc4 Nd6 36. Rd4 Kc7 37. Kc2 Rb8 38. Ra4 Rb7 39. Ne4 Nxe4 40. Rxe4 Kd6 41. Kc3 Rb5 42. Ra4 a5 43. g4 f5 44. f3 fxg4 45. fxg4 Ke5 46. b4 axb4+ 47. Rxb4 Rd5 48. a4 Rd1 49. Kc4 Kf4 50. Kb5+ Kf3 51. a5 e5 52. a6 e4 53. a7 Rd8 54. Kc5 Ra8 55. Rb7 e3 56. Rxg7 e2 57. Rf7+ Kxg4 58. Re7 Rxa7 59. Rxe2 Kxh5 60. Kd4 Kg4 61. Re4+ Kf3 62. Re3+ Kg2 63. Re2+ Kg1 64. Re1+ Kf2 65. Rh1 Ra4+ 66. Kd3 Ra3+ 67. Ke4 Ra6 68. Kf4 Rf6+ 69. Kg4 Ke3 70. Ra1 Rc6 71. Kh5 Kf4 72. Rf1+ Ke5 73. Rf8 Rb6 74. Rf1 Ra6 75. Rf2 Rd6 76. Rf8 Ke4 77. Rf7 Ke5 78. Rf1 Ke4 79. Rf7 Ke5 80. Rf1 Re6 81. Re1+ Kd6 82. Rxe6+ Kxe6 1/2-1/2

[Event "Olympiad-40"]
[Site "Istanbul"]
[Date "2012.08.31"]
[Round "4.4"]
[White "Bazil, Joslin"]
[Black "Ahmadi, Zabiullah"]
[Result "1/2-1/2"]
[WhiteElo "1812"]
[BlackElo "2073"]
[PlyCount "67"]
[EventDate "2012.08.28"]
[EventType "team-swiss"]
[EventRounds "11"]
[EventCountry "TUR"]
[SourceTitle "CBM 151"]
[Source "ChessBase"]
[SourceDate "2012.11.13"]
[SourceVersion "1"]
[SourceVersionDate "2012.11.13"]
[SourceQuality "1"]
[WhiteTeam "Haiti"]
[BlackTeam "Afghanistan"]
[WhiteTeamCountry "HAI"]
[BlackTeamCountry "AFG"]

1. d4 d5 2. c4 e6 3. Nf3 Nf6 4. Bg5 Be7 5. e3 Ne4 6. Bxe7 Qxe7 7. Qc2 0-0 8. Bd3 f5 9. Nc3 c6 10. g3 Nd7 11. h4 h6 12. 0-0-0 a5 13. Rdf1 a4 14. Ne2 Qb4 15. Nf4 Ndf6 16. Ne5 c5 17. Bxe4 Nxe4 18. Nfd3 Qb6 19. dxc5 Nxc5 20. Kb1 Nxd3 21. Qxd3 a3 22. b3 dxc4 23. Qxc4 Qd6 24. Qd4 Qxd4 25. exd4 b5 26. Rc1 Bb7 27. f3 Rfd8 28. Rc7 Bd5 29. Rhc1 Re8 30. h5 Red8 31. R1c5 b4 32. Kc2 Kh7 33. Kb1 Rab8 34. Kc2 1/2-1/2